[Event "Online Olym Disabilities"]
[Site "Tornelo INT"]
[Date "2020.11.22"]
[Round "2.6"]
[White "Bautista Chiquillo, Leidy Johanna"]
[Black "Grigorchuk, Sergey"]
[Result "0-1"]
[WhiteElo "1638"]
[BlackElo "2213"]
[PlyCount "132"]
[EventDate "2020.11.21"]
[EventType "team-swiss (rapid)"]
[EventRounds "7"]
[EventCountry "NET"]
[SourceTitle "CBM 199 Extra"]
[Source "ChessBase"]
[SourceDate "2021.01.31"]
[SourceVersion "1"]
[SourceVersionDate "2021.01.31"]
[SourceQuality "1"]
[WhiteTeam "Colombia"]
[BlackTeam "Ukraine"]
[WhiteTeamCountry "COL"]
[BlackTeamCountry "UKR"]

1. Nf3 d5 2. b3 c5 3. e3 Nf6 4. Bb2 e6 5. Be2 Nc6 6. Ne5 Nxe5 7. Bxe5 Be7 8. d3 0-0 9. Nd2 Bd6 10. Bb2 e5 11. c4 d4 12. 0-0 Bd7 13. Bf3 Qc7 14. Ne4 Nxe4 15. Bxe4 f5 16. Bd5+ Kh8 17. Qf3 Rae8 18. exd4 cxd4 19. h3 Bc6 20. Bxc6 bxc6 21. Rae1 c5 22. Qd1 e4 23. Re2 Re6 24. b4 cxb4 25. Bxd4 Rd8 26. Qa1 Bh2+ 27. Kh1 Be5 28. Bxe5 Qxe5 29. Qxe5 Rxe5 30. dxe4 Rxe4 31. Rxe4 fxe4 32. Re1 Rd4 33. c5 Kg8 34. Rc1 Kf7 35. c6 Rd8 36. Rc4 Rc8 37. Rxb4 Rxc6 38. Rxe4 Rc2 39. a4 Rxf2 40. Rc4 a6 41. Rc7+ Kg6 42. Rc6+ Rf6 43. Rc4 h5 44. g3 Kf5 45. Kg2 g6 46. Rf4+ Ke5 47. Rxf6 Kxf6 48. Kf3 Kf5 49. Ke3 Ke5 50. Kf3 g5 51. Ke3 a5 52. h4 g4 53. Kd3 Kd5 54. Ke3 Kc4 55. Kf4 Kb4 56. Kg5 Kxa4 57. Kxh5 Kb5 58. Kxg4 a4 59. h5 a3 60. h6 a2 61. Kh5 a1Q 62. g4 Kc6 63. g5 Kd7 64. h7 Qg7 65. g6 Ke6 66. Kg5 Ke5 0-1

[Event "IBCA EU-chT blind 2nd"]
[Site "Calimanesti"]
[Date "2019.10.13"]
[Round "9.2"]
[White "Began, Branko"]
[Black "Grigorchuk, Sergey"]
[Result "0-1"]
[WhiteElo "1824"]
[BlackElo "2212"]
[PlyCount "38"]
[EventDate "2019.10.05"]
[EventType "team-swiss"]
[EventRounds "9"]
[EventCountry "ROU"]
[SourceTitle "CBM 192 Extra"]
[Source "Chessbase"]
[SourceDate "2019.11.06"]
[SourceVersion "1"]
[SourceVersionDate "2019.11.06"]
[SourceQuality "1"]
[WhiteTeam "Croatia"]
[BlackTeam "Ukraine"]
[WhiteTeamCountry "CRO"]
[BlackTeamCountry "UKR"]

1. d4 e6 2. Nf3 f5 3. d5 Bd6 4. dxe6 dxe6 5. e3 Nf6 6. Bc4 Nc6 7. a3 0-0 8. 0-0 Kh8 9. Nbd2 e5 10. e4 f4 11. c3 a6 12. b4 Qe7 13. h3 Nd8 14. Re1 b5 15. Bf1 c5 16. bxc5 Bxc5 17. c4 Bxf2+ 18. Kxf2 Qc5+ 19. Ke2 Qe3# 0-1

[Event "IBCA EU-chT blind 2nd"]
[Site "Calimanesti"]
[Date "2019.10.06"]
[Round "2.2"]
[White "Gundogmus, Alaetin"]
[Black "Grigorchuk, Sergey"]
[Result "0-1"]
[WhiteElo "1576"]
[BlackElo "2212"]
[PlyCount "52"]
[EventDate "2019.10.05"]
[EventType "team-swiss"]
[EventRounds "9"]
[EventCountry "ROU"]
[SourceTitle "CBM 192 Extra"]
[Source "Chessbase"]
[SourceDate "2019.11.06"]
[SourceVersion "1"]
[SourceVersionDate "2019.11.06"]
[SourceQuality "1"]
[WhiteTeam "Netherlands"]
[BlackTeam "Ukraine"]
[WhiteTeamCountry "NED"]
[BlackTeamCountry "UKR"]

1. e4 e6 2. Nc3 d5 3. d4 Bb4 4. exd5 exd5 5. Nf3 Bg4 6. h3 Bh5 7. Be2 Ne7 8. 0-0 0-0 9. Bd2 Nbc6 10. a3 Ba5 11. Be3 Nf5 12. Qd3 Nxe3 13. fxe3 Ne7 14. Ne5 Bxe2 15. Nxe2 c6 16. c3 Bc7 17. Nf3 Ng6 18. e4 dxe4 19. Qxe4 Re8 20. Qd3 Re6 21. Rae1 Qd5 22. Kh1 Rae8 23. Neg1 Nf4 24. Rxe6 Rxe6 25. Qc2 Nh5 26. Ne2 Rxe2 0-1

[Event "SLO-ch blind int 13th"]
[Site "Izola"]
[Date "2019.06.05"]
[Round "3"]
[White "Grigorchuk, Sergey"]
[Black "Znuderl, Matej"]
[Result "1-0"]
[WhiteElo "2214"]
[BlackElo "1909"]
[PlyCount "55"]
[EventDate "2019.06.03"]
[EventType "swiss"]
[EventRounds "7"]
[EventCountry "SLO"]
[SourceTitle "CBM 190 Extra"]
[Source "ChessBase"]
[SourceDate "2019.07.15"]
[SourceVersion "1"]
[SourceVersionDate "2019.07.15"]
[SourceQuality "1"]

1. d4 Nf6 2. Nf3 c5 3. d5 g6 4. c4 b5 5. cxb5 a6 6. bxa6 Bxa6 7. Nc3 d6 8. g3 Bg7 9. Bg2 0-0 10. 0-0 Nbd7 11. Rb1 Qc7 12. Qc2 Rfb8 13. b3 Qa7 14. a4 Qb7 15. Rd1 Ng4 16. Bd2 Nb6 17. Be1 Ra7 18. h3 Nf6 19. e4 Nfd7 20. Na2 Ne5 21. Nxe5 Bxe5 22. b4 Qa8 23. b5 Bxb5 24. Rxb5 Rxa4 25. Nc3 Rb4 26. Rxb4 cxb4 27. Nb5 Na4 28. Bf1 1-0

[Event "SLO-ch blind int 13th"]
[Site "Izola"]
[Date "2019.06.04"]
[Round "2"]
[White "Berisha, Xhafer"]
[Black "Grigorchuk, Sergey"]
[Result "0-1"]
[WhiteElo "1340"]
[BlackElo "2214"]
[PlyCount "64"]
[EventDate "2019.06.03"]
[EventType "swiss"]
[EventRounds "7"]
[EventCountry "SLO"]
[SourceTitle "CBM 190 Extra"]
[Source "ChessBase"]
[SourceDate "2019.07.15"]
[SourceVersion "1"]
[SourceVersionDate "2019.07.15"]
[SourceQuality "1"]

1. e4 e6 2. Bc4 d5 3. exd5 exd5 4. Be2 Nf6 5. Nf3 Bd6 6. d4 0-0 7. 0-0 Bg4 8. Qd3 Nc6 9. Nc3 h6 10. Be3 Re8 11. a3 Ne7 12. h3 Bf5 13. Qd2 Ng6 14. Rfe1 c6 15. Bd3 Ne4 16. Bxe4 dxe4 17. Nh2 Qc7 18. Ng4 h5 19. Ne5 Nxe5 20. dxe5 Bxe5 21. Bd4 Bh2+ 22. Kf1 Rad8 23. Ne2 e3 24. fxe3 c5 25. Qc3 cxd4 26. Qxc7 Bxc7 27. Nxd4 Be4 28. c4 Bg3 29. Red1 h4 30. Ne2 Bd3 31. Rxd3 Rxd3 32. Nxg3 hxg3 0-1

[Event "IBCA Wch blind 14th"]
[Site "Cagliari"]
[Date "2019.04.09"]
[Round "4"]
[White "Tazbir, Marcin"]
[Black "Grigorchuk, Sergey"]
[Result "1/2-1/2"]
[WhiteElo "2540"]
[BlackElo "2236"]
[PlyCount "42"]
[EventDate "2019.04.06"]
[EventType "swiss"]
[EventRounds "9"]
[EventCountry "ITA"]
[SourceTitle "CBM 189 Extra"]
[Source "ChessBase"]
[SourceDate "2019.06.03"]
[SourceVersion "1"]
[SourceVersionDate "2019.06.03"]
[SourceQuality "1"]

1. d4 e6 2. c4 Bb4+ 3. Bd2 Bxd2+ 4. Qxd2 Nf6 5. Nc3 d5 6. e3 0-0 7. cxd5 Nxd5 8. Bd3 b6 9. Nxd5 Qxd5 10. Nf3 Bb7 11. 0-0 Nd7 12. Qc2 Qh5 13. Qxc7 Bxf3 14. gxf3 Qxf3 15. Rfc1 Nf6 16. Bf1 Nd5 17. Qg3 Qh5 18. Rc6 Rac8 19. Rxc8 Rxc8 20. Rc1 Rf8 21. Bc4 h6 1/2-1/2

[Event "Olympiad-43"]
[Site "Batumi"]
[Date "2018.10.05"]
[Round "11.3"]
[White "Grigorchuk, Sergey"]
[Black "Martin, Lewis"]
[Result "1-0"]
[WhiteElo "2288"]
[BlackElo "2128"]
[PlyCount "53"]
[EventDate "2018.09.24"]
[EventType "team-swiss"]
[EventRounds "11"]
[EventCountry "GEO"]
[SourceTitle "CBM 187"]
[Source "ChessBase"]
[SourceDate "2018.12.11"]
[SourceVersion "1"]
[SourceVersionDate "2018.12.11"]
[SourceQuality "1"]
[WhiteTeam "IBCA"]
[BlackTeam "ICCD"]

1. d4 d5 2. c4 c6 3. cxd5 cxd5 4. Nc3 Nf6 5. Nf3 Nc6 6. Bf4 Bf5 7. e3 e6 8. Qb3 Bb4 9. Bb5 Qa5 10. 0-0 0-0 11. Rfc1 Rac8 12. a3 Bxc3 13. Rxc3 Ne4 14. Rcc1 Qb6 15. Qa4 Na5 16. b4 Nc4 17. Bxc4 dxc4 18. Ne5 c3 19. Nd7 Qc6 20. Qxc6 Rxc6 21. Nxf8 Kxf8 22. f3 Nf6 23. e4 Bg6 24. Ra2 Nd7 25. Rac2 Rc4 26. Bd6+ Ke8 27. Rxc3 1-0

[Event "Olympiad-43"]
[Site "Batumi"]
[Date "2018.09.26"]
[Round "3.35"]
[White "Yamada, Kohei"]
[Black "Grigorchuk, Sergey"]
[Result "1-0"]
[WhiteElo "2128"]
[BlackElo "2288"]
[PlyCount "69"]
[EventDate "2018.09.24"]
[EventType "team-swiss"]
[EventRounds "11"]
[EventCountry "GEO"]
[SourceTitle "CBM 187"]
[Source "ChessBase"]
[SourceDate "2018.12.11"]
[SourceVersion "1"]
[SourceVersionDate "2018.12.11"]
[SourceQuality "1"]
[WhiteTeam "Japan"]
[BlackTeam "IBCA"]
[WhiteTeamCountry "JPN"]

1. e4 e6 2. d4 d5 3. Nc3 Bb4 4. e5 c5 5. a3 Bxc3+ 6. bxc3 Qa5 7. Bd2 Qa4 8. Qb1 c4 9. Be2 Nc6 10. Nh3 Nge7 11. Nf4 0-0 12. Bg4 Qa5 13. Qd1 f6 14. Bxe6+ Bxe6 15. Nxe6 Rfe8 16. 0-0 Ng6 17. Qg4 fxe5 18. Ng5 Nxd4 19. Qh5 h6 20. Qxg6 hxg5 21. Rae1 Nc6 22. Re3 e4 23. Rh3 Ne5 24. Qh7+ Kf7 25. Qf5+ Kg8 26. Rb1 Qc7 27. Qh7+ Kf7 28. Bxg5 Ng6 29. Bh6 Kf6 30. Rg3 Nf8 31. Bxg7+ Ke6 32. Qg8+ Kd6 33. Qh8 Kc6 34. Bxf8 Rxf8 35. Rg6+ 1-0

[Event "IBCA EU-chT blind 01st"]
[Site "Warsaw"]
[Date "2016.07.29"]
[Round "6.1"]
[White "Grigorchuk, Sergey"]
[Black "Mueller, Oliver"]
[Result "1/2-1/2"]
[WhiteElo "2267"]
[BlackElo "2266"]
[PlyCount "81"]
[EventDate "2016.07.24"]
[EventType "team-swiss"]
[EventRounds "9"]
[EventCountry "POL"]
[SourceTitle "CBM 173 Extra"]
[Source "ChessBase"]
[SourceDate "2016.08.29"]
[SourceVersion "1"]
[SourceVersionDate "2016.08.29"]
[SourceQuality "1"]
[WhiteTeam "Ukraine"]
[BlackTeam "Germany"]
[WhiteTeamCountry "UKR"]
[BlackTeamCountry "GER"]

1. d4 Nf6 2. c4 e6 3. Nf3 Bb4+ 4. Bd2 Qe7 5. g3 Bxd2+ 6. Qxd2 Nc6 7. Nc3 d5 8. cxd5 exd5 9. Bg2 0-0 10. 0-0 Rd8 11. e3 Ne4 12. Qc2 Nb4 13. Qb3 c6 14. a3 Na6 15. Qc2 Nxc3 16. Qxc3 Nc7 17. Nd2 Bf5 18. b4 Nb5 19. Qb3 Nd6 20. a4 a6 21. Rfe1 Re8 22. Bf1 Qd7 23. Bg2 h5 24. h4 Bh3 25. Qd3 g6 26. Nf3 Bxg2 27. Kxg2 Ne4 28. Ra2 Qf5 29. Qc2 Rad8 30. Ng5 Qf6 31. Nxe4 dxe4 32. Qe2 Rd5 33. Rc2 Qd6 34. Rc5 a5 35. Rxd5 Qxd5 36. bxa5 Qxa5 37. Rb1 Re7 38. Qc2 Qf5 39. Qe2 Qa5 40. Qc2 Qf5 41. Qe2 1/2-1/2

[Event "IBCA EU-chT blind 01st"]
[Site "Warsaw"]
[Date "2016.07.26"]
[Round "3.1"]
[White "Grigorchuk, Sergey"]
[Black "Babarykin, Stanislav"]
[Result "1/2-1/2"]
[WhiteElo "2267"]
[BlackElo "2372"]
[PlyCount "37"]
[EventDate "2016.07.24"]
[EventType "team-swiss"]
[EventRounds "9"]
[EventCountry "POL"]
[SourceTitle "CBM 173 Extra"]
[Source "ChessBase"]
[SourceDate "2016.08.29"]
[SourceVersion "1"]
[SourceVersionDate "2016.08.29"]
[SourceQuality "1"]
[WhiteTeam "Ukraine"]
[BlackTeam "Russia"]
[WhiteTeamCountry "UKR"]
[BlackTeamCountry "RUS"]

1. d4 f5 2. Nc3 Nf6 3. Bg5 d5 4. Bxf6 exf6 5. e3 Be6 6. Bd3 Qd7 7. Qf3 Nc6 8. a3 0-0-0 9. h3 g5 10. g3 h5 11. 0-0-0 h4 12. Nge2 Bg7 13. Rdg1 Ne7 14. Qg2 Rdg8 15. f4 Bh6 16. Qf2 hxg3 17. Nxg3 gxf4 18. exf4 Kb8 19. Nh5 1/2-1/2

[Event "IBCA EU-chT blind 01st"]
[Site "Warsaw"]
[Date "2016.07.24"]
[Round "1.1"]
[White "Grigorchuk, Sergey"]
[Black "Cajzler, Hinko"]
[Result "1-0"]
[WhiteElo "2267"]
[BlackElo "2099"]
[PlyCount "91"]
[EventDate "2016.07.24"]
[EventType "team-swiss"]
[EventRounds "9"]
[EventCountry "POL"]
[SourceTitle "CBM 173 Extra"]
[Source "ChessBase"]
[SourceDate "2016.08.29"]
[SourceVersion "1"]
[SourceVersionDate "2016.08.29"]
[SourceQuality "1"]
[WhiteTeam "Ukraine"]
[BlackTeam "Croatia"]
[WhiteTeamCountry "UKR"]
[BlackTeamCountry "CRO"]

1. Nf3 Nf6 2. c4 e6 3. Nc3 d5 4. d4 Be7 5. Bg5 c6 6. e3 Nbd7 7. Bd3 dxc4 8. Bxc4 b5 9. Bd3 a6 10. a4 Bb7 11. 0-0 b4 12. Bxf6 gxf6 13. Ne4 f5 14. Ned2 c5 15. Nb3 Rg8 16. Re1 Rc8 17. Rc1 cxd4 18. exd4 Rxc1 19. Nxc1 Qa8 20. Be2 Nf6 21. Nd3 Nd5 22. g3 f4 23. Nfe5 fxg3 24. hxg3 Ne3 25. fxe3 Rxg3+ 26. Kh2 Rg2+ 27. Kh3 Be4 28. Bf3 Rg7 29. Rg1 Rg5 30. Bxe4 Qxe4 31. Qf3 Qxf3+ 32. Nxf3 Rh5+ 33. Kg4 Ra5 34. b3 h5+ 35. Kh3 f6 36. e4 f5 37. exf5 Rxf5 38. Nfe5 Bd6 39. Rg8+ Ke7 40. Rg7+ Kf8 41. Rd7 Bxe5 42. dxe5 a5 43. Kh4 Ke8 44. Rd4 Rf1 45. Kxh5 Ke7 46. Kg5 1-0

[Event "IBCA EU-ch blind 06th"]
[Site "Lyon"]
[Date "2015.07.28"]
[Round "4"]
[White "Grigorchuk, Sergey"]
[Black "Babarykin, Stanislav"]
[Result "0-1"]
[WhiteElo "2295"]
[BlackElo "2357"]
[PlyCount "62"]
[EventDate "2015.07.25"]
[EventType "swiss"]
[EventRounds "9"]
[EventCountry "FRA"]
[SourceTitle "CBM 167 Extra"]
[Source "ChessBase"]
[SourceDate "2015.09.14"]
[SourceVersion "1"]
[SourceVersionDate "2015.09.14"]
[SourceQuality "1"]

1. d4 f5 2. g3 Nf6 3. Bg2 g6 4. Nf3 Bg7 5. 0-0 0-0 6. b3 d6 7. Bb2 Qe8 8. Nbd2 Nc6 9. Re1 Ne4 10. Nxe4 fxe4 11. Ng5 d5 12. c4 e6 13. f3 Qd8 14. f4 h6 15. Nh3 a5 16. e3 a4 17. Ba3 Rf7 18. Nf2 Bd7 19. Bh3 Kh7 20. Ng4 Bf8 21. Bxf8 Rxf8 22. Qd2 Qe7 23. c5 h5 24. Nf2 g5 25. Bg2 gxf4 26. gxf4 Nd8 27. Nh3 Nf7 28. Qb2 Qh4 29. Qf2 Qxf2+ 30. Kxf2 e5 31. fxe5 Nxe5+ 0-1

[Event "IBCA EU-ch blind 06th"]
[Site "Lyon"]
[Date "2015.07.26"]
[Round "2"]
[White "Grigorchuk, Sergey"]
[Black "Schellmann, Frank"]
[Result "1-0"]
[WhiteElo "2295"]
[BlackElo "2093"]
[PlyCount "109"]
[EventDate "2015.07.25"]
[EventType "swiss"]
[EventRounds "9"]
[EventCountry "FRA"]
[SourceTitle "CBM 167 Extra"]
[Source "ChessBase"]
[SourceDate "2015.09.14"]
[SourceVersion "1"]
[SourceVersionDate "2015.09.14"]
[SourceQuality "1"]

1. d4 Nf6 2. c4 g6 3. Nc3 d5 4. cxd5 Nxd5 5. e4 Nxc3 6. bxc3 Bg7 7. Nf3 c5 8. Be3 Qa5 9. Qd2 Nc6 10. Rb1 a6 11. Rc1 0-0 12. d5 Rd8 13. Be2 Bg4 14. 0-0 Rac8 15. Qc2 Bxf3 16. gxf3 Nb8 17. f4 b5 18. c4 e6 19. dxe6 fxe6 20. Bg4 Re8 21. e5 Nc6 22. cxb5 axb5 23. Qxc5 Bf8 24. Qc2 Kf7 25. Qb3 Qb4 26. Rfd1 Qxb3 27. axb3 Ba3 28. Ra1 b4 29. Rd6 Na5 30. Rad1 Nxb3 31. Rd7+ Re7 32. R1d6 Nc5 33. Bxc5 Rxc5 34. Bxe6+ Kf8 35. Bb3 Rxd7 36. Rxd7 Rc3 37. Rf7+ Ke8 38. Be6 b3 39. Rxh7 b2 40. Bf7+ Kf8 41. Bxg6 Rc1+ 42. Kg2 b1Q 43. Bxb1 Rxb1 44. f5 Rb5 45. f4 Bb2 46. Kf3 Bxe5 47. fxe5 Rxe5 48. Kf4 Re1 49. Kg5 Kg8 50. Ra7 Rb1 51. h4 Rg1+ 52. Kf6 Rh1 53. Rg7+ Kh8 54. Rg4 Ra1 55. Kg6 1-0

[Event "SLO-ch blind int 11th"]
[Site "Izola"]
[Date "2015.06.12"]
[Round "5"]
[White "Bagheri, Majjid"]
[Black "Grigorchuk, Sergey"]
[Result "0-1"]
[WhiteElo "1887"]
[BlackElo "2284"]
[PlyCount "82"]
[EventDate "2015.06.08"]
[EventType "swiss"]
[EventRounds "7"]
[EventCountry "SLO"]
[SourceTitle "EXT 2024"]
[Source "ChessBase"]
[SourceDate "2023.10.10"]
[SourceVersion "1"]
[SourceVersionDate "2023.10.10"]
[SourceQuality "1"]

1. e4 e6 2. d4 d5 3. Nd2 Nf6 4. e5 Nfd7 5. c3 c5 6. f4 Nc6 7. Ndf3 Be7 8. Ne2 Qb6 9. a3 a5 10. b3 Qd8 11. h4 f5 12. h5 Nb6 13. Be3 cxd4 14. cxd4 a4 15. b4 Nc4 16. Kf2 Bd7 17. Nc1 Nxe3 18. Kxe3 Na7 19. Nd3 Nc8 20. Nc5 b5 21. Bd3 Nb6 22. Qe2 Nc4+ 23. Kf2 Ra7 24. Ne1 0-0 25. Nc2 Qe8 26. Rag1 Rf7 27. Bxc4 dxc4 28. Ne3 Bf8 29. Nd1 Bc6 30. Nc3 Ra8 31. Rd1 Rd8 32. Ke3 Ra7 33. Kf2 g5 34. Qe3 gxf4 35. Qxf4 Rg7 36. Rh2 Rg4 37. Qe3 Bxc5 38. bxc5 Qe7 39. Ne2 f4 40. Qh3 Qg5 41. Ke1 Rf8 0-1

[Event "Vidin Balkan Amateur op 5th"]
[Site "Vidin"]
[Date "2014.08.29"]
[Round "7"]
[White "Grigorchuk, Sergey"]
[Black "Tsolov, Emil"]
[Result "1-0"]
[WhiteElo "2287"]
[BlackElo "1992"]
[PlyCount "31"]
[EventDate "2014.08.23"]
[EventType "swiss"]
[EventRounds "9"]
[EventCountry "BUL"]
[SourceTitle "CBM 162 Extra"]
[Source "ChessBase"]
[SourceDate "2014.10.17"]
[SourceVersion "1"]
[SourceVersionDate "2014.10.17"]
[SourceQuality "1"]

1. d4 Nf6 2. c4 e6 3. Nc3 d5 4. cxd5 exd5 5. Bg5 Be7 6. e3 0-0 7. Bd3 Re8 8. Nf3 c6 9. Qc2 Nbd7 10. h3 Ne4 11. Bf4 Bb4 12. 0-0 f5 13. a3 Be7 14. Nxd5 Ndf6 15. Nc7 Be6 16. Nxe6 1-0

[Event "Vidin Balkan Amateur op 5th"]
[Site "Vidin"]
[Date "2014.08.25"]
[Round "3"]
[White "Dimitrov, Dejan"]
[Black "Grigorchuk, Sergey"]
[Result "1-0"]
[WhiteElo "2149"]
[BlackElo "2287"]
[PlyCount "105"]
[EventDate "2014.08.23"]
[EventType "swiss"]
[EventRounds "9"]
[EventCountry "BUL"]
[SourceTitle "CBM 162 Extra"]
[Source "ChessBase"]
[SourceDate "2014.10.17"]
[SourceVersion "1"]
[SourceVersionDate "2014.10.17"]
[SourceQuality "1"]

1. Nf3 d5 2. d4 Nf6 3. c4 e6 4. Nc3 Be7 5. cxd5 exd5 6. Bg5 c6 7. Qc2 g6 8. Bh6 Bf5 9. Qb3 Qb6 10. Bg7 Rg8 11. Bxf6 Bxf6 12. e3 Nd7 13. Nd2 Be7 14. Be2 h5 15. Bd1 h4 16. Bc2 Qxb3 17. Bxb3 Nf8 18. Rc1 Ne6 19. Ba4 Kf8 20. Ke2 g5 21. Bc2 Bxc2 22. Rxc2 f5 23. Nb3 h3 24. g3 Re8 25. Kd3 Rg7 26. f3 Bb4 27. Ne2 Rge7 28. Nc3 Nc7 29. Nd1 g4 30. Rf1 Kg8 31. fxg4 fxg4 32. Rcf2 Bd6 33. Rf6 Re6 34. R6f5 Rg6 35. Nc1 Ne6 36. Ne2 Ng5 37. Rf6 Kg7 38. Rxg6+ Kxg6 39. Nf4+ Bxf4 40. Rxf4 Nf3 41. Rxg4+ Kh5 42. Rf4 Nxh2 43. Rh4+ Kg5 44. Rxh3 Nf1 45. Ke2 Rf8 46. Rh7 Nxg3+ 47. Kd3 Rf1 48. Nc3 b5 49. Rxa7 b4 50. Na4 Ne4 51. Rg7+ Kf6 52. Rc7 Rf2 53. Rxc6+ 1-0

[Event "IBCA Wch blind Gr2"]
[Site "Zaragoza"]
[Date "2013.06.18"]
[Round "7"]
[White "Grigorchuk, Sergey"]
[Black "Migala, Andrzej"]
[Result "1-0"]
[WhiteElo "2297"]
[BlackElo "2063"]
[PlyCount "81"]
[EventDate "2013.06.12"]
[EventType "swiss"]
[EventRounds "7"]
[EventCountry "ESP"]
[SourceTitle "EXT 2014"]
[Source "ChessBase"]
[SourceDate "2013.11.20"]
[SourceVersion "1"]
[SourceVersionDate "2013.11.20"]
[SourceQuality "1"]

1. d4 d5 2. c4 c6 3. Nc3 Nf6 4. e3 a6 5. Nf3 b5 6. b3 Bg4 7. Be2 e6 8. 0-0 Nbd7 9. h3 Bf5 10. Bb2 Bd6 11. Nh4 Bg6 12. Nxg6 hxg6 13. Qc2 0-0 14. c5 Bc7 15. f4 b4 16. Na4 Ne4 17. Bd3 Ndf6 18. Bc1 Ng3 19. Rf3 Nfe4 20. Bd2 g5 21. Bxe4 Nxe4 22. Bxb4 gxf4 23. exf4 Qh4 24. Raf1 f5 25. Be1 Qh6 26. Bd2 Rf7 27. Nb2 g6 28. Nd3 a5 29. b4 axb4 30. Nxb4 Ba5 31. Rb3 Rb7 32. Rfb1 Qh4 33. Rf1 Ng3 34. Be1 Bxb4 35. Bxg3 Qe7 36. Rfb1 Rab8 37. Qb2 e5 38. a3 Bxc5 39. Rxb7 Bxd4+ 40. Qxd4 exd4 41. Rxb8+ 1-0

[Event "Olympiad-40"]
[Site "Istanbul"]
[Date "2012.08.29"]
[Round "2.3"]
[White "Grigorchuk, Sergey"]
[Black "Farley, Terry"]
[Result "0-1"]
[WhiteElo "2298"]
[BlackElo "2255"]
[PlyCount "70"]
[EventDate "2012.08.28"]
[EventType "team-swiss"]
[EventRounds "11"]
[EventCountry "TUR"]
[SourceTitle "CBM 151"]
[Source "ChessBase"]
[SourceDate "2012.11.13"]
[SourceVersion "1"]
[SourceVersionDate "2012.11.13"]
[SourceQuality "1"]
[WhiteTeam "IBCA"]
[BlackTeam "Barbados"]
[BlackTeamCountry "BAR"]

1. d4 Nf6 2. c4 g6 3. Nc3 Bg7 4. e4 d6 5. Be2 0-0 6. Bg5 Nbd7 7. Qd2 e5 8. d5 a5 9. h4 Nc5 10. f3 c6 11. g4 cxd5 12. cxd5 Bd7 13. Nh3 a4 14. Nf2 Qa5 15. Ncd1 Qxd2+ 16. Kxd2 Rfc8 17. Nd3 Nfxe4+ 18. fxe4 Nxe4+ 19. Ke1 Nxg5 20. hxg5 e4 21. N3f2 a3 22. Rb1 axb2 23. Nxb2 Rc2 24. Nxe4 Rxa2 25. Rh3 Rxe2+ 26. Kxe2 Bxg4+ 27. Ke3 Ra3+ 28. Nd3 Bxh3 29. Nxd6 Bg2 30. Ne4 Bxe4 31. Kxe4 Ra4+ 32. Ke3 Bd4+ 33. Kf3 Bc3 34. Rxb7 Rd4 35. Ne5 Rxd5 0-1

[Event "IBCA-ol blind 14th"]
[Site "Chennai"]
[Date "2012.08.19"]
[Round "9.1"]
[White "Grigorchuk, Sergey"]
[Black "Dimic, Pavle"]
[Result "1/2-1/2"]
[WhiteElo "2302"]
[BlackElo "2155"]
[PlyCount "43"]
[EventDate "2012.08.10"]
[EventType "team-swiss"]
[EventRounds "9"]
[EventCountry "IND"]
[SourceTitle "CBM 149 Extra"]
[Source "ChessBase"]
[SourceDate "2012.08.24"]
[SourceVersion "1"]
[SourceVersionDate "2012.08.24"]
[SourceQuality "1"]
[WhiteTeam "Ukraine"]
[BlackTeam "Serbia"]
[WhiteTeamCountry "UKR"]
[BlackTeamCountry "SRB"]

1. d4 Nf6 2. c4 g6 3. Nc3 Bg7 4. e4 d6 5. Be2 0-0 6. Bg5 c5 7. d5 Qa5 8. Bd2 e6 9. Nf3 exd5 10. exd5 Qd8 11. 0-0 Na6 12. Bd3 Nc7 13. a4 Na6 14. Rc1 Nb4 15. Bb1 a6 16. Bf4 Nh5 17. Bg5 Bf6 18. Bh6 Re8 19. h3 Ng7 20. g4 Be7 21. Kh1 f5 22. Rg1 1/2-1/2

[Event "IBCA-ol blind 14th"]
[Site "Chennai"]
[Date "2012.08.16"]
[Round "6.1"]
[White "Grigorchuk, Sergey"]
[Black "Crouch, Colin S"]
[Result "1/2-1/2"]
[WhiteElo "2302"]
[BlackElo "2373"]
[PlyCount "82"]
[EventDate "2012.08.10"]
[EventType "team-swiss"]
[EventRounds "9"]
[EventCountry "IND"]
[SourceTitle "CBM 149 Extra"]
[Source "ChessBase"]
[SourceDate "2012.08.24"]
[SourceVersion "1"]
[SourceVersionDate "2012.08.24"]
[SourceQuality "1"]
[WhiteTeam "Ukraine"]
[BlackTeam "Great Britain"]
[WhiteTeamCountry "UKR"]
[BlackTeamCountry "GBR"]

1. d4 e6 2. c4 b6 3. e4 Bb7 4. Nd2 d5 5. cxd5 exd5 6. e5 Ne7 7. Bd3 Nbc6 8. Ne2 Qd7 9. 0-0 Nf5 10. Nf3 Be7 11. Bd2 g6 12. Rc1 Ng7 13. Qc2 a6 14. a3 Ne6 15. b4 0-0 16. Bh6 Rfc8 17. h4 Bf8 18. Qd2 Ng7 19. Rc3 Ne7 20. Rfc1 a5 21. b5 c6 22. Qb2 cxb5 23. Qxb5 Qxb5 24. Bxb5 Nef5 25. Bxg7 Nxg7 26. a4 Rxc3 27. Rxc3 Ne6 28. Ng5 Bb4 29. Rc2 Nxg5 30. hxg5 Rc8 31. Rxc8+ Bxc8 32. f4 Kf8 33. Kf2 Ke7 34. Ng3 Bg4 35. Nf1 Bc3 36. Ke3 Bb2 37. g3 Bd1 38. Kd3 Bf3 39. Nd2 Bd1 40. Nf1 Bf3 41. Nd2 Bd1 1/2-1/2

[Event "IBCA-ol blind 14th"]
[Site "Chennai"]
[Date "2012.08.14"]
[Round "5.1"]
[White "Pulvett Marin, Daniel Eduardo"]
[Black "Grigorchuk, Sergey"]
[Result "1/2-1/2"]
[WhiteElo "2383"]
[BlackElo "2302"]
[PlyCount "70"]
[EventDate "2012.08.10"]
[EventType "team-swiss"]
[EventRounds "9"]
[EventCountry "IND"]
[SourceTitle "CBM 149 Extra"]
[Source "ChessBase"]
[SourceDate "2012.08.24"]
[SourceVersion "1"]
[SourceVersionDate "2012.08.24"]
[SourceQuality "1"]
[WhiteTeam "Venezuela"]
[BlackTeam "Ukraine"]
[WhiteTeamCountry "VEN"]
[BlackTeamCountry "UKR"]

1. e4 e6 2. f4 d5 3. e5 c5 4. Nf3 Nc6 5. c3 Nh6 6. Na3 Be7 7. Nc2 0-0 8. d4 Bd7 9. dxc5 Bxc5 10. Bd3 f6 11. Qe2 Rc8 12. Bd2 b5 13. exf6 Rxf6 14. Bxb5 Qb6 15. b4 Nxb4 16. cxb4 Bxb5 17. bxc5 Qxc5 18. Qe3 Qxe3+ 19. Nxe3 Rxf4 20. Ng5 Rf6 21. Rc1 Rxc1+ 22. Bxc1 d4 23. Nd1 e5 24. Ne4 Rg6 25. Ng3 Ng4 26. Nf5 Ra6 27. a3 g6 28. Ne7+ Kf7 29. Nd5 Rd6 30. Nc7 Bc4 31. Nb2 Rc6 32. Nxc4 Rxc7 33. 0-0+ Ke6 34. Nb2 e4 35. Re1 Kd5 1/2-1/2